[Event "ISR-ch Open 2018"]
[Site "Ma'alot-Tarshih"]
[Date "2018.12.17"]
[Round "6"]
[White "Bakalchuk, Johnatan"]
[Black "Globus, Or"]
[Result "1-0"]
[WhiteElo "2442"]
[BlackElo "2387"]
[Annotator "TA"]
[PlyCount "57"]
[EventDate "2018.12.12"]
[EventType "swiss"]
[EventCountry "ISR"]
[SourceTitle "playchess.com"]
[Source "ChessBase"]
[SourceQuality "1"]

{[%evp 16,57,25,16,50,51,76,75,137,92,131,100,91,87,84,92,193,111,203,197,191,209,282,282,294,247,258,228,351,341,365,344,356,355,363,361,354,349,410,405,438,468,404,379]} 1. e4 c6 2. d4 d5 3. exd5 cxd5 4. c4 Nf6 5. Nc3 e6 6. c5 Be7 7. Nf3 O-O 8. Bd3 Nc6 9. a3 {LiveBook: 15 Games} a5 {B14: Caro-Kann: Panov-Botvinnik Attack with 5...e6 and 5...g6} (9... b6 10. cxb6 axb6 11. Qe2 Nb4 12. Bb5 Bd7 13. Rb1 Bxb5 14. Qxb5 Ra5 15. Qe2 Nc6 16. O-O Qb8 17. g3 Rc8 {½-½ (75) Le Roux,J (2564)-Aghasaryan,R (2425) Cappelle-la-Grande 2013}) 10. Na4 e5 $146 ({Predecessor:} 10... Nd7 11. Qc2 h6 12. O-O Bf6 13. Rd1 Nxd4 14. Nxd4 Bxd4 15. Bh7+ Kh8 16. Rxd4 {½-½ (52) Carvalho,G (2177)-Mussanti,D (2307) Montevideo 2018}) 11. dxe5 Ne4 (11... Nd7 $142) 12. Qc2 Bg4 13. Bxe4 dxe4 14. Qxe4 Bxf3 15. gxf3 f6 (15... Qd4 $16) 16. Be3 (16. Nb6 $18) 16... fxe5 {[#]} (16... Qe8 $16) 17. Nb6 $1 $18 Ra6 18. Rd1 Nd4 19. Bxd4 exd4 20. Qxb7 Bxc5 21. Qxa6 {[#] Strongly threatening Qc4+.} Re8+ (21... Bxb6 $142 22. Qd3 a4) 22. Kd2 Bxb6 23. Kc2 Qf6 ({Much worse is} 23... Qc7+ 24. Kb1) 24. Kb1 Rb8 25. Rd3 Qf5 26. Rc1 h5 27. Ka1 Kh7 28. Rb3 Bc7 29. Qd3 {Accuracy: White = 95%, Black = 17%.} ({Not} 29. Rxc7 Rxb3 30. Qa7 Qg6 $16) 1-0

[Event "ISR-ch Open 2018"]
[Site "Ma'alot-Tarshih"]
[Date "2018.12.17"]
[Round "6"]
[White "Drori, Saar"]
[Black "Rechlis, Gad"]
[Result "0-1"]
[WhiteElo "2419"]
[BlackElo "2521"]
[Annotator "TA"]
[PlyCount "68"]
[EventDate "2018.12.12"]
[EventType "swiss"]
[EventCountry "ISR"]
[SourceTitle "playchess.com"]
[Source "ChessBase"]
[SourceQuality "1"]

{[%evp 17,68,22,34,26,72,40,44,0,8,-19,-14,-18,-18,-13,-15,-12,-15,-31,-41,-48,-57,-66,0,-102,-43,-93,-36,-37,-6,-16,14,0,-6,-116,-97,-121,-112,-135,0,-102,-119,-65,247,-184,-174,-291,-306,-620,-620,-573,-573,-533,-510]} 1. e4 c5 2. Nf3 d6 3. d4 cxd4 4. Nxd4 Nf6 5. Nc3 Nc6 6. Bg5 e6 7. Qd2 a6 8. O-O-O Bd7 9. f3 Qc7 {LiveBook: 64 Games} 10. Nxc6 {B67: Sicilian: Richter-Rauzer: 7...a6 8 0-0-0 Bd7, lines without 9 f4 Be7} (10. Kb1 Nxd4 11. Qxd4 Be7 12. Qd2 Bc6 13. h4 O-O 14. Bd3 Rfc8 15. Ne2 Bb5 16. g4 Bxd3 17. cxd3 Qd8 18. Rc1 {½-½ (49) Djukic,N (2556)-Kozul,Z (2597) Sarajevo 2018}) 10... bxc6 $146 ({Predecessor:} 10... Bxc6 11. Bxf6 gxf6 12. Qf4 Be7 13. Qg4 Qa5 14. Kb1 Qg5 15. Qh3 h5 16. Bd3 Bd8 17. Rhf1 Ba5 {0-1 (69) Hartnack,R (1989)-McLeod,S (2145) LSS email 2008}) 11. g4 Rb8 12. Be3 {White is slightly better.} d5 $1 13. exd5 cxd5 14. Bf4 Bd6 $1 {[%cal Rd6f4]} 15. Bxd6 Qxd6 16. Ne4 Qe5 {[%csl Gb8][%cal Re5b2]} 17. Nc3 O-O $40 {[%mdl 128] White needs to defend precisely.} 18. Bxa6 Qc7 {aiming for ...Qb6.} 19. Qe3 Qa5 (19... Rfd8 $15) 20. Be2 (20. g5 $11 Nh5 21. Bc4) 20... Rfc8 (20... Qb4 $17 {Strongly threatening ...e5.} 21. b3 Qa3+ 22. Kb1 Rfc8) 21. Rd3 h6 (21... Qb4 $17 22. g5 Nh5) 22. Nd1 Ba4 {[%mdl 1024] Black has compensation.} 23. Rc3 Rd8 24. Qc5 Qa8 $1 25. Qa3 (25. g5 $11 {remains equal.} hxg5 26. Rg1) 25... d4 $1 $17 {[%cal Rd4c3,Bd5d4,Bd4d3][%mdl 32]} 26. Rc5 Nd7 27. Rc7 Ne5 (27... Qa5 28. Qd6 $17) (27... Rb6 $1 $17 {...Qb8 is the strong threat.} 28. Rc4 Bb5 29. Qxa8 Rxa8 30. Rxd4 Bxe2 31. Rxd7 Rxa2) 28. Qc5 (28. b3 $11 {keeps the balance.} d3 29. cxd3) 28... d3 ({But not} 28... Nxf3 $6 29. Rf1 $16) 29. Qxe5 Bxc2 $2 {[%mdl 8192]} (29... dxe2 $15 30. Qxe2 Bc6 31. Rxc6 Qxc6) 30. Nc3 $4 {[%mdl 8192]} (30. Qf4 $18 f6 31. Rxc2 dxc2 32. Nc3) 30... dxe2 $19 31. Kxc2 (31. Qxe2 $142 Qa5 32. Rc6) 31... Qxf3 {[%mdl 64] ( -> ...Qd3+). Double Attack} 32. Qe4 $2 {[#]} (32. Qxe2 Qxh1 33. Rc4) 32... Qxe4+ $1 {Black is clearly winning.} 33. Nxe4 {[#] Threatens to win with Re1.} Rd1 $1 {[%cal Rd1h1][%mdl 512]} 34. Rxd1 Rxb2+ $1 {[%mdl 64] Promotion. Accuracy: White = 20%, Black = 57%.} 0-1

[Event "ISR-ch Open 2018"]
[Site "Ma'alot-Tarshih"]
[Date "2018.12.17"]
[Round "6"]
[White "Galburd, Yan"]
[Black "Gershkowich, David"]
[Result "1-0"]
[WhiteElo "2382"]
[BlackElo "2193"]
[Annotator "NA"]
[PlyCount "70"]
[EventDate "2018.12.12"]
[EventType "swiss"]
[EventCountry "ISR"]
[SourceTitle "playchess.com"]
[Source "ChessBase"]
[SourceQuality "1"]
[TimeControl "40/5400+30:1800+30"]

1. Nf3 {[%emt 0:02:48]} Nf6 {[%emt 0:00:00]} 2. g3 {[%emt 0:00:13]} b6 {[%emt 0:01:02]} 3. Bg2 {[%emt 0:00:40]} Bb7 {[%emt 0:00:03]} 4. O-O {[%emt 0:01:28]} e6 {[%emt 0:01:38]} 5. d3 {[%emt 0:00:49]} d5 {[%emt 0:00:20]} 6. Nbd2 {[%emt 0:02:19]} c5 {[%emt 0:00:30]} 7. e4 {[%emt 0:02:09]} Be7 {[%emt 0:00:15]} 8. Re1 {[%emt 0:01:08]} Nc6 {[%emt 0:01:30]} 9. c3 {[%emt 0:01:22]} Qc7 {[%emt 0:03:20]} 10. Qe2 {[%emt 0:05:30]} h6 {[%emt 0:08:15]} 11. a3 {[%emt 0:03:13]} O-O-O {[%emt 0:07:24]} 12. b4 {[%emt 0:00:32]} g5 {[%emt 0:07:02] LiveBook: 7 Games} 13. h3 {[%emt 0:08:38]} Bf8 {[%emt 0:14:24]} 14. e5 {[%emt 0:08:31]} Nd7 $14 {[%emt 0:00:19]} 15. d4 {[%emt 0:00:25]} Ne7 {[%emt 0:04:28]} 16. Nf1 {[%emt 0:58:15]} c4 {[%emt 0:47:30]} 17. g4 {[%emt 0:00:30]} Ng6 {[%emt 0:00:30]} 18. Ng3 {[%emt 0:00:30]} a6 {[%emt 0:00:00]} 19. Nh5 {[%emt 0:00:00]} Be7 20. Nh2 {[%emt 0:01:00]} Rdg8 {[%emt 0:00:00]} 21. Rf1 {[%emt 0:00:00]} Nh4 {[%emt 0:00:00]} 22. Bh1 {[%emt 0:00:00]} Qd8 {[%emt 0:00:00]} 23. f4 {[%emt 0:00:00]} Qe8 {[%emt 0:00:00]} 24. fxg5 {[%emt 0:00:00]} hxg5 {[%emt 0:00:00]} 25. Be3 {[%emt 0:00:00]} Bd8 {[%emt 0:00:00]} 26. Rf2 {[%emt 0:00:00]} Rh7 {[%emt 0:00:00]} 27. Raf1 {[%emt 0:00:00]} Bc6 {[%emt 0:00:00]} 28. Qc2 {[%emt 0:00:00]} Ng6 {[%emt 0:00:00]} 29. Bg2 {[%emt 0:00:00]} Rgh8 {[%emt 0:06:00]} 30. Qd2 {[%emt 0:05:00]} Nh4 {[%emt 0:00:30]} 31. Bxg5 {[%emt 0:00:30]} Bxg5 {[%emt 0:00:00]} 32. Qxg5 {[%emt 0:00:00]} Nxg2 33. Rxg2 {[%emt 0:00:00]} Ba4 {[%emt 0:00:00]} 34. Qd2 {[%emt 0:00:00]} Qe7 35. Nf3 {[%emt 0:02:00]} Rg8 {[%emt 0:00:00]} 1-0

[Event "ISR-ch Open 2018"]
[Site "Ma'alot-Tarshih"]
[Date "2018.12.17"]
[Round "6"]
[White "Iliaguev, Nisim"]
[Black "Dvoirys, Semen I."]
[Result "1/2-1/2"]
[WhiteElo "2338"]
[BlackElo "2528"]
[Annotator "TA"]
[PlyCount "118"]
[EventDate "2018.12.12"]
[EventType "swiss"]
[EventCountry "ISR"]
[SourceTitle "playchess.com"]
[Source "ChessBase"]
[SourceQuality "1"]

{[%evp 26,118,44,34,43,10,13,2,33,0,34,0,20,23,22,6,6,0,0,14,38,30,32,0,0,0,0,-16,0,-2,0,-17,-17,-17,-17,-22,0,-25,-25,-25,-25,-25,32,32,85,101,99,106,101,102,170,159,183,164,189,181,178,187,172,166,151,159,253,237,377,277,451,430,508,492,772,754,520,365,613,569,322,8,8,8,8,8,8,8,8,8,16,0,0,0,22,8,8,8,8]} 1. d4 Nf6 2. c4 g6 3. g3 Bg7 4. Bg2 d6 5. Nf3 O-O 6. O-O Nc6 7. Nc3 a6 {[%cal Ba7a6,Ba6b5,Bb5b4][%mdl 32]} 8. b3 Rb8 9. Bb2 b5 10. cxb5 axb5 11. Rc1 b4 12. Na4 Na7 13. d5 {E63: King's Indian: Fianchetto: Panno Variation with 7...a6} e5 14. dxe6 {LiveBook: 5 Games} Bxe6 {[#]} (14... fxe6 15. Qc2 c5 16. Rfd1 Qe7 17. Rxd6 Bb7 18. Rdd1 Rbc8 19. Ne5 Bxg2 20. Kxg2 Nb5 {1-0 (73) Aronian,L (2801)-Nakamura,H (2741) Moscow 2010}) 15. Qc2 $146 {White is slightly better.} ({Predecessor:} 15. Nd4 Bd7 16. Nc6 Nxc6 17. Bxc6 Bxc6 18. Rxc6 Qd7 19. Qc2 Rfe8 20. Rd1 Re7 21. Bxf6 Bxf6 {1-0 (57) Sebenik,M (2511)-Lang,T (2338) Biel 2013}) 15... Nb5 16. e4 {[%cal Be2e4,Be4e5][%mdl 32]} Re8 17. e5 Nd5 (17... Bf5 $5 {[%cal Rf5c2]} 18. Qc4 Ng4 $11) 18. Rfd1 Qe7 19. exd6 cxd6 20. Bxg7 Kxg7 21. Qd2 Ndc3 22. Nxc3 Nxc3 23. Re1 Qa7 24. Ra1 Qc5 25. Nd4 Bd7 26. h4 Rxe1+ 27. Rxe1 Re8 28. Rxe8 Bxe8 29. Ne2 Bb5 30. Nf4 Qe5 31. Bf3 h6 32. Kg2 Bd7 33. Ne2 $1 Bf5 (33... g5 $11 34. hxg5 hxg5) 34. a4 $14 Be6 (34... Nxe2 $14 35. Qxe2 (35. Bxe2 Be6 $11) 35... Qc5) 35. Nd4 $16 Bd5 36. Qe3 Bxf3+ 37. Nxf3 Qc5 (37... Qxe3 $16 {was necessary.} 38. fxe3 Ne4) 38. Qxc5 $18 dxc5 {[%mdl 4096] Endgame [#] KN-KN} 39. Ne5 $1 f6 40. Nd3 c4 41. bxc4 {[%cal Bb3c4,Bc4c5][%mdl 32] And now a5 would win.} Nxa4 42. Nxb4 Nc5 43. Kf3 f5 (43... Kf7 $16 44. Nd5 g5) 44. Ke3 Kf6 (44... Ne6 $142 45. Nd3 g5 46. hxg5 hxg5) 45. Nd3 Ne4 $2 (45... Ne6 {is a better defense.} 46. c5 g5) 46. c5 g5 47. hxg5+ hxg5 (47... Kxg5 $142 48. f3 Nc3) 48. Kd4 Ke6 49. Kc4 Nd2+ $2 (49... Nf6 50. Kb5 Nd5) 50. Kb5 Kd7 51. Kb4 $2 ({White should play} 51. c6+ $18 Kd6 52. Nb4) 51... Kc6 $11 {The position is equal.} 52. Kc3 Nf3 53. Kc4 Nd2+ 54. Kd4 {[#] Black must now prevent Ne5+.} Nf3+ 55. Ke3 Nh2 $1 56. Kd4 {Strongly threatening Ne5+.} Nf3+ 57. Ke3 Nh2 $1 58. f4 gxf4+ 59. gxf4 Kd5 {Precision: White = 54%, Black = 54%.} 1/2-1/2

[Event "ISR-ch Open 2018"]
[Site "Ma'alot-Tarshih"]
[Date "2018.12.17"]
[Round "6"]
[White "Aharon, Ofir"]
[Black "Bronstein, Or"]
[Result "1/2-1/2"]
[WhiteElo "2320"]
[BlackElo "2359"]
[Annotator "NA"]
[PlyCount "50"]
[EventDate "2018.12.12"]
[EventType "swiss"]
[EventCountry "ISR"]
[SourceTitle "playchess.com"]
[Source "ChessBase"]
[SourceQuality "1"]
[TimeControl "40/5400+30:1800+30"]

1. e4 {[%emt 0:00:14]} c5 {[%emt 0:00:08]} 2. Nf3 {[%emt 0:00:06]} d6 {[%emt 0:00:22]} 3. Bb5+ {[%emt 0:00:17]} Nd7 {[%emt 0:00:29]} 4. Ba4 {[%emt 0:00:13]} Ngf6 {[%emt 0:08:35]} 5. O-O {[%emt 0:00:19]} a6 {[%emt 0:06:31]} 6. c4 {[%emt 0:00:15] LiveBook: 17 Games} e6 {[%emt 0:02:59]} 7. d4 {[%emt 0:00:53]} cxd4 {[%emt 0:01:15]} 8. Nxd4 {[%emt 0:00:07]} Nxe4 {[%emt 0:09:13]} 9. Re1 {[%emt 0:05:01]} Nef6 {[%emt 0:06:33]} ({Reject} 9... Qh4 $6 10. g3 $18) (9... Nec5 $11) 10. Bf4 {[%emt 0:13:33]} (10. Nc3 $16) 10... Be7 $1 {[%emt 0:04:48]} 11. Rxe6 $1 {[%emt 0:14:29]} fxe6 {[%emt 0:07:22]} 12. Nxe6 {[%emt 0:00:06]} Qa5 {[%emt 0:06:01]} 13. c5 {[%emt 0:10:22]} b5 {[%emt 0:05:49]} 14. cxb6 {[%emt 0:04:53]} Bb7 $16 {[%emt 0:05:44]} (14... Kf7 $1 $11 15. Ng5+ Kf8 16. Ne6+ Kf7 17. Ng5+ Kf8 18. Ne6+ Kg8) 15. Nc7+ {[%emt 0:07:06]} Kf7 {[%emt 0:02:30]} 16. Nc3 {[%emt 0:14:57]} Nxb6 {[%emt 0:05:21]} 17. Bb3+ {[%emt 0:01:37]} d5 {[%emt 0:01:51]} 18. Qe2 {[%emt 0:02:08]} Rad8 {[%emt 0:08:18]} 19. Qe6+ {[%emt 0:02:11]} Kf8 {[%emt 0:00:09]} 20. Re1 {[%emt 0:03:25]} Qc5 {[%emt 0:00:25]} 21. Ne4 {[%emt 0:09:26]} Nxe4 {[%emt 0:06:31]} 22. Qf5+ {[%emt 0:00:45]} Kg8 {[%emt 0:02:22]} 23. Qe6+ {[%emt 0:00:04]} Kf8 {[%emt 0:00:08]} 24. Qf5+ {[%emt 0:00:02]} Kg8 {[%emt 0:03:12]} 25. Qe6+ {[%emt 0:05:14]} Kf8 {[%emt 0:00:06]} 1/2-1/2

[Event "ISR-ch Open 2018"]
[Site "Ma'alot-Tarshih"]
[Date "2018.12.17"]
[Round "6"]
[White "Mordechai, Hanan"]
[Black "Lukin, Elisha"]
[Result "1-0"]
[WhiteElo "2310"]
[BlackElo "2280"]
[Annotator "NA"]
[PlyCount "69"]
[EventDate "2018.12.12"]
[EventType "swiss"]
[EventCountry "ISR"]
[SourceTitle "playchess.com"]
[Source "ChessBase"]
[SourceQuality "1"]
[TimeControl "40/5400+30:1800+30"]

1. e4 {[%emt 0:00:00]} e6 {[%emt 0:00:00]} 2. d4 {[%emt 0:00:00]} d5 {[%emt 0:00:00]} 3. Nc3 {[%emt 0:00:00]} Bb4 {[%emt 0:00:00]} 4. e5 {[%emt 0:00:00]} c5 {[%emt 0:00:05]} 5. a3 {[%emt 0:00:00]} Bxc3+ {[%emt 0:00:06]} 6. bxc3 {[%emt 0:00:00]} Qa5 {[%emt 0:00:39]} 7. Bd2 {[%emt 0:00:10] LiveBook: 1271 Games} Qa4 {[%emt 0:02:01]} 8. Qg4 {[%emt 0:00:13]} Kf8 {[%emt 0:00:14]} 9. Qd1 {[%emt 0:00:10] C18: French: 3 Nc3 Bb4: Main line: 7 h4 and 7 Qg4} (9. h4 Nc6 10. h5 h6 11. Qd1 cxd4 12. Nf3 dxc3 13. Bxc3 g5 14. hxg6 Qe4+ 15. Be2 Qxg6 16. Qd2 Nge7 17. Bd3 Qxg2 18. Ke2 Qg4 19. Rh4 Qg7 20. Rg1 Ng6 21. Rf4 Nce7 22. Bb4 a5 23. Rxg6 {1-0 (23) Caruana,F (2804)-Lenderman,A (2599) Saint Louis 2018}) 9... b6 {[%emt 0:00:18]} 10. dxc5 {[%emt 0:00:53]} bxc5 {[%emt 0:00:10]} 11. Nf3 {[%emt 0:00:17]} Ba6 {[%emt 0:01:14]} 12. Bxa6 {[%emt 0:00:14]} Qxa6 {[%emt 0:00:19]} 13. Qe2 {[%emt 0:00:09]} Ne7 {[%emt 0:07:17]} 14. Rb1 {[%emt 0:01:53]} Qc6 {[%emt 0:05:15] [#]} 15. O-O $146 {[%emt 0:03:42]} ({Predecessor:} 15. c4 Nd7 16. cxd5 exd5 {1-0 (61) Piorun,K (2640)-Stupak,K (2578) Heraklio 2017}) 15... h6 {[%emt 0:00:48]} 16. h4 {[%emt 0:08:01]} Nd7 {[%emt 0:01:19]} 17. h5 {[%emt 0:01:14]} g5 {[%emt 0:08:13]} 18. Nh2 {[%emt 0:05:30]} Qa4 {[%emt 0:16:58]} 19. Bc1 {[%emt 0:11:19]} Qc4 {[%emt 0:15:03]} 20. Qxc4 {[%emt 0:06:00]} dxc4 {[%emt 0:00:50]} 21. Rb7 {[%emt 0:07:56]} Ke8 {[%emt 0:13:06]} 22. f4 {[%emt 0:02:06]} Nd5 {[%emt 0:03:38]} 23. Ng4 {[%emt 0:04:27]} Nxc3 $18 {[%emt 0:02:59]} (23... Rh7 $16 {was worth a try.} 24. fxg5 hxg5) 24. fxg5 {[%emt 0:11:35]} hxg5 {[%emt 0:01:28]} 25. Bxg5 {[%emt 0:01:36]} Ne4 {[%emt 0:02:46]} 26. Rd1 {[%emt 0:04:22]} Nb6 {[%emt 0:02:12]} 27. Nf6+ {[%emt 0:08:57]} Nxf6 {[%emt 0:00:12]} 28. Bxf6 {[%emt 0:00:01]} Rxh5 {[%emt 0:00:11]} 29. Rxa7 {[%emt 0:00:22]} Rc8 {[%emt 0:00:11]} 30. Rd6 {[%emt 0:03:19]} Nd5 {[%emt 0:00:02]} 31. Rdd7 {[%emt 0:00:55]} Rh7 {[%emt 0:07:08]} 32. a4 {[%emt 0:03:12]} c3 {[%emt 0:01:53]} 33. a5 {[%emt 0:00:34]} Rb8 {[%emt 0:02:55]} 34. a6 {[%emt 0:01:47]} Nb4 {[%emt 0:03:43]} 35. Rab7 {[%emt 0:05:36]} 1-0

[Event "ISR-ch Open 2018"]
[Site "Ma'alot-Tarshih"]
[Date "2018.12.17"]
[Round "6"]
[White "Taichman, Ori"]
[Black "Kupervaser, Erez"]
[Result "1-0"]
[WhiteElo "2303"]
[BlackElo "2168"]
[Annotator "NA"]
[PlyCount "125"]
[EventDate "2018.12.12"]
[EventType "swiss"]
[EventCountry "ISR"]
[SourceTitle "playchess.com"]
[Source "ChessBase"]
[SourceQuality "1"]
[TimeControl "40/5400+30:1800+30"]

1. e4 {[%emt 0:02:34]} c5 {[%emt 0:00:00]} 2. Nf3 {[%emt 0:00:04]} g6 {[%emt 0:00:00]} 3. d4 {[%emt 0:00:05]} cxd4 {[%emt 0:00:00]} 4. Qxd4 {[%emt 0:00:02]} Nf6 {[%emt 0:00:00]} 5. Nc3 {[%emt 0:00:11]} Nc6 {[%emt 0:00:03]} 6. Qa4 {[%emt 0:00:04]} d6 {[%emt 0:00:06]} 7. e5 {[%emt 0:00:08]} dxe5 {[%emt 0:00:21]} 8. Nxe5 {[%emt 0:00:03]} Qd4 {[%emt 0:01:29] B27: Sicilian: 2 Nf3, unusual Black 2nd moves} (8... Bd7 9. Nxd7 Qxd7 10. Be3 Bg7 11. Rd1 Qg4 12. Rd4 Qf5 13. Bd3 Qe5 14. Rb4 Qc7 15. Bb5 O-O 16. Rc4 {0-1 (36) Wei,Y (2706)-Bu,X (2681) China 2015}) 9. Nxc6 {[%emt 0:00:08]} Qxa4 {[%emt 0:00:06]} 10. Nxa4 {[%emt 0:00:02]} bxc6 {[%emt 0:00:09]} 11. b3 {[%emt 0:00:25]} Bf5 {[%emt 0:02:58]} 12. Ba6 {[%emt 0:01:47]} Bc8 {[%emt 0:07:34]} (12... Bg7 $11) 13. Be2 $146 {[%emt 0:05:21]} ({Predecessor:} 13. Bd3 Bg7 14. Bb2 O-O 15. O-O-O Ng4 16. Bxg7 Kxg7 {½-½ (58) Kobese,W (2389)-Johannes Manyedi,M (2277) Milnerton 2007}) 13... Bg4 {[%emt 0:10:36]} 14. Bxg4 {[%emt 0:16:40]} Nxg4 {[%emt 0:00:05]} 15. Bb2 {[%emt 0:00:27]} Nf6 {[%emt 0:00:35]} 16. O-O-O {[%emt 0:10:54]} Bg7 {[%emt 0:00:35]} 17. Rhe1 {[%emt 0:00:44]} e6 {[%emt 0:00:43]} 18. Nc5 {[%emt 0:01:00]} O-O {[%emt 0:23:06]} 19. Nd7 {[%emt 0:02:01]} Bh6+ {[%emt 0:14:29]} 20. Kb1 $16 {[%emt 0:00:44]} Nxd7 {[%emt 0:00:01]} 21. Rxd7 {[%emt 0:00:06]} Rfd8 {[%emt 0:00:10]} 22. Red1 {[%emt 0:01:33]} Bg5 {[%emt 0:00:08]} 23. Be5 {[%emt 0:01:30]} Kf8 {[%emt 0:09:31]} 24. R1d4 {[%emt 0:05:34]} Be7 {[%emt 0:13:54]} 25. Kb2 {[%emt 0:05:25]} f6 {[%emt 0:01:23]} 26. Bg3 {[%emt 0:12:29]} e5 {[%emt 0:00:31]} 27. Rxd8+ {[%emt 0:00:35]} Rxd8 {[%emt 0:00:01]} 28. Rc4 {[%emt 0:00:47]} c5 {[%emt 0:00:52]} 29. Ra4 {[%emt 0:00:26]} Rd7 {[%emt 0:00:06]} 30. Kc3 {[%emt 0:03:07]} Kf7 {[%emt 0:00:16]} 31. f3 {[%emt 0:02:04]} Ke6 {[%emt 0:00:26]} 32. Bf2 {[%emt 0:01:44]} Kd5 {[%emt 0:01:37]} 33. Ra5 {[%emt 0:02:24]} f5 {[%emt 0:02:19]} 34. b4 {[%emt 0:05:07]} Rc7 {[%emt 0:00:08]} 35. Kb3 {[%emt 0:01:36]} e4 {[%emt 0:00:34]} 36. c4+ {[%emt 0:10:21]} Ke6 {[%emt 0:00:17]} 37. bxc5 {[%emt 0:01:13]} Bg5 {[%emt 0:02:55]} 38. fxe4 {[%emt 0:02:56]} fxe4 {[%emt 0:00:07]} 39. Bg3 {[%emt 0:01:36]} Rc6 {[%emt 0:05:46]} 40. Rxa7 {[%emt 0:04:19]} Be7 {[%emt 0:01:14]} 41. Rc7 {[%emt 0:06:09]} Rxc7 {[%emt 0:19:55]} 42. Bxc7 {[%emt 0:00:24]} Bxc5 {[%emt 0:00:02]} 43. Kc3 {[%emt 0:01:57]} Bg1 {[%emt 0:01:41]} 44. h3 {[%emt 0:01:00]} Be3 {[%emt 0:01:29]} 45. a4 {[%emt 0:00:30]} Kd7 {[%emt 0:00:12]} 46. Be5 {[%emt 0:00:35]} Kc6 {[%emt 0:00:08]} 47. Bd4 {[%emt 0:00:23]} Bf4 {[%emt 0:00:39]} 48. Kc2 {[%emt 0:04:07]} Kb7 {[%emt 0:00:13]} 49. Bc5 {[%emt 0:00:59]} Kc6 {[%emt 0:00:48]} 50. Bb4 {[%emt 0:00:08]} Bg5 {[%emt 0:00:16]} 51. Kd1 {[%emt 0:00:31]} h5 {[%emt 0:00:44]} 52. Ke2 {[%emt 0:00:13]} Bh6 {[%emt 0:00:10]} 53. Bd2 {[%emt 0:07:40]} Bg7 {[%emt 0:00:21]} 54. Be3 {[%emt 0:00:47]} Be5 {[%emt 0:00:05]} 55. Kd2 {[%emt 0:02:07]} Kb7 {[%emt 0:00:13]} 56. Bf2 {[%emt 0:01:53]} Bf4+ {[%emt 0:01:13]} 57. Kc3 {[%emt 0:00:06]} Be5+ {[%emt 0:00:15]} 58. Kb4 {[%emt 0:00:15]} Bf4 {[%emt 0:00:06]} 59. Kc5 {[%emt 0:01:06]} e3 {[%emt 0:00:25]} 60. Be1 {[%emt 0:00:14]} g5 {[%emt 0:00:16]} 61. Kd4 {[%emt 0:02:05]} h4 {[%emt 0:00:11]} 62. Kd3 {[%emt 0:00:38]} Kc6 {[%emt 0:00:11]} 63. Bc3 {[%emt 0:00:15]} 1-0